| 000 | 00981nam0a22002771 4500 | ||
|---|---|---|---|
| 001 | v19\rc\1301481 | ||
| 005 | 20250618021454.0 | ||
| 035 | _a(NLR Aleph) 004446875 | ||
| 090 |
_a4452163 _c4452163 |
||
| 100 | _a20060306d1867 |||y0rusy50 ca | ||
| 101 | 0 | _arus | |
| 102 | _aRU | ||
| 105 | _ay z ||||| | ||
| 200 | 1 |
_aОбщие понятия из арифметики _eНачало счисления _e(Для учителей нач. шк.) _fСоставил Л.Ш. |
|
| 210 |
_aСанкт-Петербург _cПогосский _d1867 |
||
| 215 |
_a32 с. _d20 |
||
| 225 | 1 |
_a[Досуг и дело _eЖурн. для войск и народа] _v1867. Вып. 3. [Кн. 4] |
|
| 300 | _aНа тит. л. и обл.: Изд. "Досуг и дело" | ||
| 702 | 0 |
_aЛ. Ш. _4220 |
|
| 801 | 0 |
_aRU _bNLR _gpsbo |
|
| 801 | 0 |
_aRU _bRuMoRGB _2psbo |
|
| 801 | 1 |
_aRU _bProSoft-M _2rusmarc |
|
| 852 |
_aNLR _j2/353 |
||
| 899 |
_aRuMoRGB _jE 88/380 (вып. 3) |
||
| 942 | _cBOOK | ||
| 980 | _aNB | ||